| 000 | 01246nam0a22002531 4500 | ||
|---|---|---|---|
| 001 | rc\816397 | ||
| 005 | 20041129091325.5 | ||
| 035 | _a(NLR Aleph) 005999357 | ||
| 090 |
_a7211990 _c7211990 |
||
| 100 | _a20041129d1983 u |0rusy50 ca | ||
| 101 | 0 | _arus | |
| 102 | _aRU | ||
| 105 | _aa ||||||||| | ||
| 200 | 1 |
_aПодготовка футбольного резерва _eИз опыта работы Центр. гор. специализир. дет.-юношес. школы олимп. резерва Мин. гороно _f[Авт.-сост. О.К. Шильниковский] |
|
| 210 |
_aМинск _cПолымя _d1983 |
||
| 215 |
_a24 с. _cил. _d17 |
||
| 300 | _aВ надзаг.: М-во просвещения БССР, Респ. метод. каб., Респ. специализир. дет.-юношес. школа олимп. резерва | ||
| 700 | 1 |
_aШильниковский _bО. К. _gОлег Константинович |
|
| 712 | 0 | 2 |
_aБелорусская респ. специализированная детско-юношеская школа олимпийского резерва _cМинск |
| 801 | 0 |
_aRU _bNLR _gpsbo |
|
| 801 | 1 |
_aRU _bELAR _2rusmarc |
|
| 852 |
_aNLR _j84-2/1749 |
||
| 942 | _cBOOK | ||
| 980 | _aNB | ||